| 000 | 01294cam a22002415a 4500 | ||
|---|---|---|---|
| 001 | L138253 | ||
| 008 | 070524s2007 xxk f 000 0 eng d | ||
| 035 | _a(Sirsi) u138253 | ||
| 041 | 0 | _aeng | |
| 050 | 0 | 4 | _a333.337 $2 18 |
| 100 | 1 | _aDale, Peter | |
| 110 | 2 |
_aRoyal Institution of Chartered Surveyors _bResearch _94902 |
|
| 245 | 0 | 0 | _aLand markets and the modern economy |
| 260 |
_aLondon _bRICS _c2007 |
||
| 300 |
_a27p. _bill. _c30cm. |
||
| 520 | _aIdentifies key requirements for the development of successful land markets. Describes the circumstances in which land markets appear. Explains how they operate, their parameters, stakeholders and operation. Describes methods of regulation and government control. Describes the need to establish systems to support effective land markets. These include policy and legal frameworks, land registration, social equality, access to valuation facilities, and economic stability. Promotes public/private partnerships where appropriate, and access to land information. Underlines the need for sustainable reform. Offers cautionary tales and case studies. | ||
| 590 | _aKA | ||
| 651 | 4 |
_aEngland and Wales _y1543- |
|
| 690 | _aENVIRONMENTAL AND LAND CONSULTANCY | ||
| 700 | 1 | _aMahoney, Robert | |
| 700 | 1 | _aMcLaren, Robin | |
| 942 |
_n0 _2ddc |
||
| 999 |
_c107084 _d107084 |
||